Les plus gros transferts du football - Défenseurs centraux - 2019-2020 - Statistiques

Statistiques générales
  • Ce quiz a été pris 32 fois
  • Le résultat moyen est 8 sur 10
Statistiques - réponses
Montant de transfert (M €) Nationalité Venant de Allant à Joueur % Correct
87,00 Angleterre Leicester City Manchester United Harry Maguire
100%
35,00 France VfB Stuttgart Bayern Munich Benjamin Pavard
97%
50,00 Brésil FC Porto Real Madrid Éder Militão
93%
85,50 Pays-Bas Ajax Juventus Turin Matthijs de Ligt
93%
35,00 France G. Bordeaux FC Sevilla Jules Koundé
90%
30,50 Allemagne Bayern Munich Borussia Dortmund Mats Hummels
90%
37,00 Brésil Manchester City Juventus Turin Danilo
87%
32,00 France / Sénégal Borussia Dortmund Paris SG Abdou Diallo
83%
36,00 Grèce AS Roma Napoli Konstantinos Manolas
83%
31,50 Argentine Genoa Juventus Turin Cristian Romero
27%
Aucun quiz correspondant
Distribution des résultats
% des personnes avec chaque résultat
Percentile par nombre de réponses
Votre historique - résultats
Vous n’avez pas pris ce quiz